U.S. General Knowledge by Letter - L - Statistics

General Stats
  • This quiz has been taken 173 times
    107 since last reset
  • The average score is 11 of 16
Answer Stats
Hint Answer % Correct
Largest city in Nevada famous for gambling Las Vegas
100%
Second largest city in the U.S. Los Angeles
99%
The only US state that starts with L Louisiana
97%
U.S. President during its Civil War Abraham Lincoln
96%
NBA team of the above Los Angeles Lakers
92%
Biggest city in Kentucky Louisville
84%
Capital of Michigan Lansing
80%
Capital of Arkansas Little Rock
80%
2nd biggest city in Kentucky Lexington
61%
Texas city that shares a border with Mexico Laredo
53%
City in Northwestern Texas Lubbock
48%
2nd biggest city in New Mexico Las Cruces
46%
Nickname of Minnesota Land of 10,000 lakes
43%
Biggest suburb of Los Angeles Long Beach
38%
New Mexico nickname Land of Enchantment
34%
National park in California Lassen Volcanic
9%
No matching quizzes found
Score Distribution
Percent of People with Each Score
Percentile by Number Answered
Your Score History
You have not taken this quiz since the last reset